1084 1498 1942 1611 1981 1624 1622 1162 1091 1418 1719 1050 1777 1950 1445 1860 1627 1648 1851 1695 1776 1089 1075 1430 1730 1957 1359 1050 1905 1682 1099 1881 1899 1294 1786 1579 1307 1959 1921 1549 1237 1097 1513 1732 1148 1769 1955 1973 1176 1602 1255 1523 1850 1946 1870 1420 1000 1703 1666 1932 1849 1060 1349 1656 1300 1487 1439 1119 1490 1058 1559 1467 1996 1073 1604 1474 1706 1255 1568 1579 1169 1424 1074 1898 1608 1926 1434 1728 1562 1091 1807 1618 1100 1566 1785 1537 1211 1563 1505 BCNSPRNW ULIB Ver.6.0+V

เปลี่ยนเป็นภาษาไทย

Change to English
 แสดงรายละเอียดบรรณานุกรม
  กลับหน้าหลัก

Brief Record : Get Marc (ISO 2709) : E-mail record : QR code < ปิดหน้าต่าง
LEADER : 00000nam a2200000Ia 4500
001    13399114637
003     ULIB
008    100816s2555 th a 000 0 tha d
020    ^a 9789743264443
050  4 ^aQ180.T5^bน199
245 00 ^aนโยบายและยุทธศาสตร์การวิจัยของชาติ ฉบับที่ 8 (พ.ศ.2555-2559) /^cสำนักงานคณะกรรมการวิจัยแห่งชาติ
260    ^aกรุงเทพฯ :^bสำนักงาน,^c2552
300    ^aix, 71 หน้า ;^c30 ซม.
500    ^aSend to Single Search
650  4 ^aวิจัย^zไทย
650  4 ^aวิจัย^zไทย^xนโยบายของรัฐ
650  4 ^aวิจัย^xนโยบายของรัฐ
650  4 ^aวิจัย^xนโยบายของรัฐ^zไทย
710 2  ^aสำนักงานคณะกรรมการวิจัยแห่งชาติ
945    ^p0^l0^i031676
995    ^a เกษร
999 ^a ใช้งานได้ทุกระบบ
รายการนี้ยังไม่มีแท็ก
คุณยังไม่ได้ล็อกอิน คุณสามารถมีกิจกรรมร่วมกับเว็บไซต์ได้ แต่ต้องล็อกอินก่อน ::
  ล็อกอิน

รายการสื่อสารสนเทศ

ลำดับที่ ประเภท เลขเรียก/บาร์โค้ด สถานที่ สถานะ
- ไม่พบข้อมูล -

BibComment


ยังไม่เคยถูกคอมเมนท์

คอมเมนท์ทรัพยากรรายการนี้
  คอมเมนท์: นโยบายและยุทธศาส..


 Copyright 2026. Bcnsprnw @Library